Normal view
MARC view
- Supervison DR. SHOAB AHMED KHAN
Entry Personal Name
001 - CONTROL NUMBER
- control field: 70199
003 - CONTROL NUMBER IDENTIFIER
- control field: NUST
005 - DATE AND TIME OF LATEST TRANSACTION
- control field: 20210628204410.0
008 - FIXED-LENGTH DATA ELEMENTS
- fixed length control field: 210628|| aca||aabn | a|a d
040 ## - CATALOGING SOURCE
- Original cataloging agency: NUST
- Transcribing agency: NUST
100 ## - HEADING--PERSONAL NAME
- Personal name: Supervison DR. SHOAB AHMED KHAN
670 ## - SOURCE DATA FOUND
- Source citation: Work cat.: (NUST): KOMAL RIAZ 70197, TH-SOF-1106-MOBILE AD HOC NETWORK AND CODING AWARE ROUTING PROTOCOL, 2014
